000 00994cab a2200313 4500
001 ABS56181
008 090401t1996 xxu||||| |||| 00| 0 eng d
035 _a(Sirsi) u21760
041 _aeng
100 _aBarras, R.
245 _aObsolescence and performance in the central London office market
260 _c1996
350 _a0
490 _aJournal of Property Valuation and Investment
_v14(4) 1996, 63-78(16)
520 _aResults of an investigation into the rate of rental and capital value obsolescence in the City of London office market. References.
650 _aCAPITAL VALUES
650 _aCITY OF LONDON
650 _aPROPERTY-COMMERCIAL PROPERTY
650 _aDEPRECIATION
650 _aINVESTMENT PROPERTY
650 _aOBSOLESCENCE
650 _aOFFICE BUILDINGS
650 _aPERFORMANCE
650 _aRENTAL VALUES
690 _aPROPERTY-COMMERCIAL PROPERTY-COMMERCIAL PROPERTY MARKET
700 _aClark, P.
942 _n0
948 _c04/03/1997
999 _c14589
_d14589